Kraje najbliższe Polsce - polski - Statystyki

Ogólne statystyki
  • Ten quiz został rozwiązany 42 razy
  • Średni wynik to 16 z 19
Statystyki odpowiedzi
km kraj mil % Poprawnych
0 Czechy 0
100%
0 Litwa 0
100%
0 Niemcy 0
100%
0 Rosja 0
100%
254 Łotwa 158
97%
0 Słowacja 0
97%
0 Ukraina 0
97%
204 Austria 127
94%
0 Białoruś 0
94%
535 Estonia 332
88%
225 Węgry 140
88%
241 Dania 150
85%
424 Słowenia 263
82%
528 Szwecja 328
79%
465 Chorwacja 289
70%
359 Szwajcaria 223
64%
493 Belgia 306
61%
436 Holandia 271
61%
540 Luksemburg 336
45%
Nie znaleziono quizów pasujących do podanych kryteriów
Rozkład punktacji
Procent ludzi z każdym wynikiem
Percentyl według liczby udzielonych odpowiedzi
Twoja historia wyników
Nie rozwiązałeś tego quizu